000 00225nam a22000857a 4500
008 161116b xxu||||| |||| 00| 0 eng d
100 _91271
_aDeb. D
245 _aThe Story of a mango
260 _aNew delhi
_bNational book trust
_c2004
999 _c3974
_d3974